000 00420nam a22001697a 4500
005 20180904145927.0
008 160523b xxu||||| |||| 00| 0 eng d
020 _a0-07-058739-6
041 _aeng
082 _b4284
_a658.403
100 _aO'Brien, James
_94859
245 _aManagement Information Systems
260 _aNew Delhi
_bAcademic Faundation
300 _a529p,
650 _aManagement
_9241
942 _cBK
999 _c1445
_d1445